Ricky Ricotta y el poderoso robot contra los meca monos de Marte : (Record no. 20793)

MARC details
000 -LEADER
fixed length control field 02395aam a2200517 a 4500
001 - CONTROL NUMBER
control field sky222135530
003 - CONTROL NUMBER IDENTIFIER
control field SKY
005 - DATE AND TIME OF LATEST TRANSACTION
control field 20180528134540.0
008 - FIXED-LENGTH DATA ELEMENTS--GENERAL INFORMATION
fixed length control field 061103s2006 nyua b 000 1 spa d
020 ## - INTERNATIONAL STANDARD BOOK NUMBER
International Standard Book Number 9780439851053 (pbk.)
020 ## - INTERNATIONAL STANDARD BOOK NUMBER
International Standard Book Number 9781435209343 (PawPrints)
040 ## - CATALOGING SOURCE
Original cataloging agency LPU
Transcribing agency LPU
Modifying agency BAKER
-- BTCTA
-- SAP
-- OCLCQ
-- LNQ
-- JBO
-- JQH
-- SKYRV
-- CoLwJCPL
041 1# - LANGUAGE CODE
Language code of text/sound track or separate title spa
Language code of original eng
050 #4 - LIBRARY OF CONGRESS CALL NUMBER
Classification number PZ73
Item number .P5549 2006
082 04 - DEWEY DECIMAL CLASSIFICATION NUMBER
Classification number [Fic]
Edition number 23
082 04 - DEWEY DECIMAL CLASSIFICATION NUMBER
Classification number 813/.54
-- Fic
Edition number 22
099 #9 - LOCAL FREE-TEXT CALL NUMBER (OCLC)
Filing suffix ESPANOL J
Classification number FICTION
100 1# - MAIN ENTRY--PERSONAL NAME
Personal name Pilkey, Dav,
Dates associated with a name 1966-
240 00 - UNIFORM TITLE
Uniform title <a href="Ricky Ricotta's mighty robot vs. the mecha-monkeys from Mars.">Ricky Ricotta's mighty robot vs. the mecha-monkeys from Mars.</a>
Language of a work Spanish.
245 10 - TITLE STATEMENT
Title Ricky Ricotta y el poderoso robot contra los meca monos de Marte :
Remainder of title la cuarta novela de aventuras /
Statement of responsibility, etc. de Dav Pilkey ; ilustrada por Martin Ontiveros ; [translated by Rosario Ortiz Gutierrez].
260 ## - PUBLICATION, DISTRIBUTION, ETC. (IMPRINT)
Place of publication, distribution, etc. New York :
Name of publisher, distributor, etc. Scholastic Inc.,
Date of publication, distribution, etc. c2006.
300 ## - PHYSICAL DESCRIPTION
Extent 141 p. :
Other physical details ill. ;
Dimensions 20 cm.
500 ## - GENERAL NOTE
General note Translation of: Ricky Ricotta's mighty robot vs. the mecha-monkeys from Mars.
500 ## - GENERAL NOTE
General note "Scholastic en espanol"--Cover.
520 ## - SUMMARY, ETC.
Summary, etc. En este libro ilustrado para ninos, el raton Ricky y su Poderoso Robot conocen a un marciano pequeno pero cruel que planea apoderarse de la Tierra con sus monstruosos Meca Monos. Se incluyen instrucciones en como dibujar a los personajes (p. 130-141).
520 ## - SUMMARY, ETC.
Summary, etc. A small mouse and his best friend, a giant flying robot, attempt to save the Earth when an evil Martian monkey and his mechanical creations attack. Includes brief "Flip-o-Rama" section that simulates animation and instructions for drawing six characters.
546 ## - LANGUAGE NOTE
Language note In Spanish.
650 #0 - SUBJECT ADDED ENTRY--TOPICAL TERM
Topical term or geographic name as entry element Ricotta, Ricky (Fictitious character)
Form subdivision Juvenile fiction.
650 #0 - SUBJECT ADDED ENTRY--TOPICAL TERM
Topical term or geographic name as entry element Mice
Form subdivision Juvenile fiction.
650 #0 - SUBJECT ADDED ENTRY--TOPICAL TERM
Topical term or geographic name as entry element Robots
Form subdivision Juvenile fiction.
650 #0 - SUBJECT ADDED ENTRY--TOPICAL TERM
Topical term or geographic name as entry element Monkeys
Form subdivision Juvenile fiction.
650 #0 - SUBJECT ADDED ENTRY--TOPICAL TERM
Topical term or geographic name as entry element Heroes
Form subdivision Juvenile fiction.
650 #1 - SUBJECT ADDED ENTRY--TOPICAL TERM
Topical term or geographic name as entry element Ricotta, Ricky (Fictitious character)
Form subdivision Fiction.
650 #1 - SUBJECT ADDED ENTRY--TOPICAL TERM
Topical term or geographic name as entry element Mice
Form subdivision Fiction.
650 #1 - SUBJECT ADDED ENTRY--TOPICAL TERM
Topical term or geographic name as entry element Robots
Form subdivision Fiction.
650 #1 - SUBJECT ADDED ENTRY--TOPICAL TERM
Topical term or geographic name as entry element Monkeys
Form subdivision Fiction.
650 #1 - SUBJECT ADDED ENTRY--TOPICAL TERM
Topical term or geographic name as entry element Heroes
Form subdivision Fiction.
655 #1 - INDEX TERM--GENRE/FORM
Genre/form data or focus term Humorous stories.
655 #1 - INDEX TERM--GENRE/FORM
Genre/form data or focus term Spanish language materials.
655 #7 - INDEX TERM--GENRE/FORM
Genre/form data or focus term Humorous fiction.
Source of term gsafd.
655 #7 - INDEX TERM--GENRE/FORM
Genre/form data or focus term Spanish language materials.
Source of term lcshac.
655 #7 - INDEX TERM--GENRE/FORM
Genre/form data or focus term Materiales en espa��ol.
Source of term local.
700 1# - ADDED ENTRY--PERSONAL NAME
Personal name Ontiveros, Martin.
Relator code ill.
700 1# - ADDED ENTRY--PERSONAL NAME
Personal name Ortiz Gutierrez, Rosario.
Relator code trl.
942 ## - ADDED ENTRY ELEMENTS (KOHA)
Koha item type Libro/Book
Holdings
Withdrawn status Lost status Source of classification or shelving scheme Damaged status Not for loan Home library Current library Date acquired Total Checkouts Full call number Barcode Date last seen Price effective from Koha item type
    Dewey Decimal Classification     San Juan Del Sur -- Biblioteca San Juan Del Sur -- Biblioteca 15/05/2019   [Fic] 30008951 15/05/2019 15/05/2019 Libro/Book

Powered by Koha